000 00717nam a2200193Ii 4500
003 JO-AjNU
008 230605s9999||||xx |||||||||||||| ||und||
040 _aJO-AjNU
_bara
_erda
_cJO-AjNU
041 _aara
050 1 4 _aHM131 .M8378
100 3 _a بهجت، محمد صالح ,
_eauthor
_938162
245 0 0 _aالمدخل في العمل مع الجماعات
264 3 1 _aالاسكندرية: المكتب الجامعي الحديث
300 _a310ص
_bيحتوي على ببلوغرافية من 307-310ص
336 _atext
_btxt
_2rdacontent
337 _aunmediated
_bn
_2rdamedia
338 _avolume
_bnc
_2rdacarrier
650 4 _aالعمل الجماعي- الخدمة الاجتماعية
_938163
999 _aA16010
_c19578
_d19578